Three Actors, One Role II Quiz Stats

Quiz Updated Feb 6, 2016

Challenge
Share
Tweet
Embed
Score 0/20 Timer 06:00
1 Play Today
% Correct
Vito Corleone
92.4%
Obi Wan Kenobi
86.4%
Wonder Woman
83.1%
Miss Marple
75.4%
Juliet Capulet
74%
Wicked Witch of the West
73%
The Doctor
71.6%
Tom Riddle|Lord Voldemort
71.5%
Snow White
71.2%
Hamlet
71.2%
% Correct
Tarzan
68.1%
Othello
67.5%
Little Orphan Annie
66.4%
Dr. Frankenstein
65.8%
Trapper John McIntyre
63.3%
Cinderella
60.2%
Red Riding Hood
59%
Peter Pan
58.4%
King Arthur
57.7%
Merlin
46.3%

You're not logged in!

Compare scores with friends on all Sporcle quizzes.
Join for Free
OR
Log In

You Might Also Like...

Show Comments

Extras

Top Quizzes Today


Score Distribution

Your Account Isn't Verified!

In order to create a playlist on Sporcle, you need to verify the email address you used during registration. Go to your Sporcle Settings to finish the process.

Report this User

Report this user for behavior that violates our Community Guidelines.

Details: